000 00495nam a2200181Ia 4500
008 100917s9999 xx 000 0 und d
082 _b26802
100 _aकानिटकर वि. ग.
245 _aरक्तखुणा
260 _bसरीता प्रकाशन
_c1975
300 _a180
365 _b0
520 _aचरित्र
630 _aरक्तखुणा
650 _aचरित्र
730 _aरक्तखुणा
942 _cBOOK
999 _c632196
_d632193